Právo cenných papírů a kapitálového trhu
Gespeichert in:
| 1. Verfasser: | |
|---|---|
| Format: | Buch |
| Sprache: | Tschechisch |
| Veröffentlicht: |
Praha
PROSPEKTRUM
2000
|
| Schriftenreihe: | Právo v podnikání
5 |
| Schlagworte: | |
| Tags: |
Keine Tags, Fügen Sie das erste Tag hinzu!
|
MARC
| LEADER | 00000nam a2200000 4500 | ||
|---|---|---|---|
| 001 | c118009 | ||
| 005 | 20221108093329.6 | ||
| 020 | |a 80-7175-084-0 | ||
| 041 | 0 | |a cze | |
| 044 | |a CZ | ||
| 245 | 1 | 0 | |a Právo cenných papírů a kapitálového trhu |c Jan Dědič a kol. |
| 264 | 1 | |a Praha |b PROSPEKTRUM |c 2000 | |
| 300 | |a 546 s. | ||
| 490 | 1 | |a Právo v podnikání |v 5 | |
| 830 | 0 | |a Právo v podnikání |v 5 | |
| 610 | 2 | 0 | |a papiere cenné |
| 610 | 2 | 0 | |a trh kapitálový |
| 610 | 2 | 0 | |a burzy peňažné |
| 610 | 2 | 0 | |a právo |
| 610 | 2 | 0 | |a podnikanie |
| 610 | 2 | 0 | |a zákony |
| 610 | 2 | 0 | |a legislatíva |
| 610 | 2 | 0 | |a poriadok právny |
| 610 | 2 | 0 | |a emisia |
| 610 | 2 | 0 | |a šeky |
| 610 | 2 | 0 | |a kupóny |
| 610 | 2 | 0 | |a opcie |
| 610 | 2 | 0 | |a regulácia trhu |
| 610 | 2 | 0 | |a fondy finančné |
| 610 | 2 | 0 | |a fondy penzijné |
| 610 | 2 | 0 | |a fondy investičné |
| 610 | 2 | 0 | |a banky |
| 610 | 2 | 0 | |a poisťovne |
| 610 | 2 | 0 | |a obchodníci |
| 610 | 2 | 0 | |a makléri |
| 610 | 2 | 0 | |a obchody burzové |
| 610 | 2 | 0 | |a zmluvy |
| 610 | 2 | 0 | |a kúpa |
| 610 | 2 | 0 | |a štát |
| 610 | 2 | 0 | |a dozor štátny |
| 610 | 2 | 0 | |a správa nútená |
| 100 | 1 | |a Dědič, Jan | |